[Event "Abe Yanofsky mem U1600"]
[Site "Winnipeg CAN"]
[Date "2003.08.29"]
[Round "1"]
[White "MacKinnon, Keith"]
[Black "Pottinger, Carl"]
[Result "0-1"]
[WhiteElo "1343"]
[BlackElo "1588"]
[PlyCount "52"]
[EventDate "2003.08.29"]
[EventType "swiss"]
[EventRounds "6"]
[EventCountry "CAN"]

1. e4 c5 2. Nf3 Nc6 3. Bc4 e6 4. Nc3 d6 5. O-O Be7 6. d3 Nf6 7. Be3 a6 8. a4
O-O 9. d4 Ng4 10. h3 Nxe3 11. fxe3 Bd7 12. Qd2 Qc7 13. Rad1 Rad8 14. Qe2 Na7
15. Bb3 b5 16. axb5 axb5 17. d5 e5 18. Qd2 Nc8 19. Qe2 b4 20. Na2 Nb6 21. c3 c4
22. Bc2 b3 23. Bxb3 cxb3 24. Nb4 Qc4 25. Qd3 Qxd3 26. Rxd3 Bb5 0-1

[Event "Abe Yanofsky mem U1600"]
[Site "Winnipeg CAN"]
[Date "2003.08.29"]
[Round "1"]
[White "Opinga, Ron"]
[Black "Kostadinova, Kremena"]
[Result "1-0"]
[WhiteElo "1487"]
[BlackElo "1329"]
[PlyCount "97"]
[EventDate "2003.08.29"]
[EventType "swiss"]
[EventRounds "6"]
[EventCountry "CAN"]

1. e4 c5 2. Nf3 d6 3. d4 cxd4 4. Nxd4 Nf6 5. Nc3 g6 6. Bc4 Bg7 7. Be3 O-O 8.
Qd2 Nc6 9. Nxc6 bxc6 10. O-O-O Bd7 11. f3 Qc7 12. h4 h5 13. Bh6 Kh7 14. Bxg7
Kxg7 15. g4 Rfb8 16. gxh5 Nxh5 17. Rhg1 a5 18. Qg5 d5 19. exd5 Qf4+ 20. Qxf4
Nxf4 21. d6 exd6 22. Rxd6 Be8 23. Ne4 Rb4 24. b3 a4 25. Re1 axb3 26. Bxb3 Ng2
27. Rh1 c5 28. Nxc5 Rxh4 29. Rxh4 Nxh4 30. f4 Rc8 31. Ne4 Nf5 32. Rb6 Bd7 33.
a4 Rc6 34. Rb7 Be8 35. Ng5 Kf8 36. Nxf7 Bxf7 37. Rxf7+ Ke8 38. Ra7 Nd4 39. Kb2
Nxb3 40. cxb3 Kd8 41. b4 Rc4 42. b5 Rxf4 43. Kc3 Kc8 44. b6 Kb8 45. a5 g5 46.
Rg7 g4 47. a6 Rf3+ 48. Kd4 g3 49. Rg8+ 1-0

[Event "Abe Yanofsky mem U1600"]
[Site "Winnipeg CAN"]
[Date "2003.08.29"]
[Round "1"]
[White "Remillard, John"]
[Black "Liebzeit, Mick"]
[Result "1-0"]
[WhiteElo "1533"]
[BlackElo "1199"]
[PlyCount "121"]
[EventDate "2003.08.29"]
[EventType "swiss"]
[EventRounds "6"]
[EventCountry "CAN"]

1. e4 c5 2. Nf3 d6 3. d4 cxd4 4. Nxd4 Nf6 5. Nc3 g6 6. Bb5+ Bd7 7. Qe2 a6 8.
Bxd7+ Nbxd7 9. O-O Bg7 10. Nf3 Rc8 11. Bf4 Nh5 12. Bd2 O-O 13. Rac1 Nc5 14. Nd1
Qb6 15. b3 Ne6 16. c4 Nhf4 17. Bxf4 Nxf4 18. Qd2 Bh6 19. Ne3 f5 20. exf5 Rxf5
21. Ne1 d5 22. Kh1 Nxg2 23. N1xg2 d4 24. Qd3 dxe3 25. fxe3 Rcf8 26. e4 Rf2 27.
Rcd1 R8f3 28. Qd8+ Qxd8 29. Rxd8+ Bf8 30. Rxf2 Rxf2 31. Kg1 Rxa2 32. Rb8 Re2
33. Rxb7 Rxe4 34. c5 Re6 35. Nf4 Rc6 36. b4 a5 37. bxa5 Rxc5 38. a6 Rc8 39. a7
Ra8 40. Ne6 Kf7 41. Nxf8 Rxa7 42. Rxa7 Kxf8 43. Kf2 Kf7 44. Kf3 Kf6 45. Kf4 h5
46. Ra6+ e6 47. h4 Ke7 48. Ke5 Kf7 49. Rxe6 Kg7 50. Ra6 Kh6 51. Kf4 Kg7 52. Kg5
Kf7 53. Rxg6 Ke7 54. Kxh5 Kf7 55. Kg5 Kf8 56. Kf6 Ke8 57. Rg7 Kf8 58. h5 Ke8
59. h6 Kf8 60. h7 Ke8 61. h8=Q# 1-0

[Event "Abe Yanofsky mem U1600"]
[Site "Winnipeg CAN"]
[Date "2003.08.29"]
[Round "1"]
[White "Still, Graham"]
[Black "Anderson, George"]
[Result "0-1"]
[WhiteElo "1115"]
[BlackElo "1487"]
[PlyCount "66"]
[EventDate "2003.08.29"]
[EventType "swiss"]
[EventRounds "6"]
[EventCountry "CAN"]

1. d4 e6 2. c4 Nf6 3. Nc3 Be7 4. Bg5 Nc6 5. Nf3 d5 6. e3 Ne4 7. Bxe7 Nxe7 8.
Nxe4 dxe4 9. Nd2 f5 10. Be2 O-O 11. O-O Ng6 12. f3 exf3 13. Bxf3 c6 14. Nb3 Qg5
15. Re1 e5 16. d5 e4 17. Be2 Qxe3+ 18. Kh1 Qg5 19. Rf1 f4 20. Qd4 cxd5 21. cxd5
Bf5 22. Bc4 Qf6 23. Qxf6 Rxf6 24. h4 h5 25. Rae1 Rc8 26. Bb5 a6 27. Be2 Rc2 28.
Bxh5 Nxh4 29. Rxf4 Nxg2 30. Rff1 Nxe1 31. Rxe1 Rh6 32. Rf1 Rxh5+ 33. Kg1 g6 0-1

[Event "Abe Yanofsky mem U1600"]
[Site "Winnipeg CAN"]
[Date "2003.08.29"]
[Round "1"]
[White "Syme, Michael"]
[Black "Taylor, Jasper"]
[Result "1/2-1/2"]
[WhiteElo "1313"]
[BlackElo "1475"]
[PlyCount "79"]
[EventDate "2003.08.29"]
[EventType "swiss"]
[EventRounds "6"]
[EventCountry "CAN"]

1. e4 c6 2. d4 d5 3. e5 Bf5 4. Be2 e6 5. Nf3 c5 6. O-O Nc6 7. Bb5 Qb6 8. Bxc6+
Qxc6 9. Be3 Bg4 10. Nbd2 cxd4 11. Nxd4 Bxd1 12. Nxc6 Bxc2 13. Rac1 Bg6 14. Nxa7
Ne7 15. a3 Nf5 16. Bb6 Be7 17. g4 Nh6 18. Nc8 Bg5 19. Nd6+ Kf8 20. f4 Be7 21.
Rc3 Bd8 22. Bxd8 Rxd8 23. Rfc1 Ke7 24. h3 Rd7 25. Rc7 Rb8 26. Nc8+ Kd8 27.
Rxd7+ Kxd7 28. Nb6+ Kd8 29. b4 Ng8 30. b5 Ne7 31. Rc3 Nc8 32. Nxc8 Rxc8 33. Rg3
Rc2 34. Nf3 Rc4 35. Nh4 Rxf4 36. Nxg6 hxg6 37. Rc3 Rc4 38. Re3 Rc1+ 39. Kg2
Rc2+ 40. Kg1 1/2-1/2

[Event "Abe Yanofsky mem U1600"]
[Site "Winnipeg CAN"]
[Date "2003.08.29"]
[Round "1"]
[White "Taylor, Evan"]
[Black "Enns, John"]
[Result "1-0"]
[WhiteElo "1353"]
[BlackElo "980"]
[PlyCount "71"]
[EventDate "2003.08.29"]
[EventType "swiss"]
[EventRounds "6"]
[EventCountry "CAN"]

1. e4 e5 2. Nf3 Nc6 3. Bc4 d6 4. O-O Bg4 5. Nc3 Nd4 6. Nxe5 dxe5 7. Qxg4 Nf6 8.
Qd1 c6 9. d3 h6 10. Ne2 Bc5 11. Nxd4 Bxd4 12. c3 Bb6 13. h3 O-O 14. Qf3 Nh7 15.
Qg3 Ng5 16. h4 Nxe4 17. dxe4 Qf6 18. a4 a6 19. b3 Rad8 20. Ba3 Rfe8 21. Rad1
Rc8 22. Rd6 Qe7 23. Rxc6 Qxa3 24. Rxb6 Rc6 25. Rxc6 bxc6 26. Qd3 Qe7 27. g3 a5
28. Rb1 Rd8 29. Qf3 Rd6 30. b4 Rf6 31. Qe3 axb4 32. cxb4 Qb7 33. Qc5 Qb8 34. b5
Rd6 35. Rb3 Qc8 36. Qxd6 1-0

[Event "Abe Yanofsky mem U1600"]
[Site "Winnipeg CAN"]
[Date "2003.08.29"]
[Round "1"]
[White "Tetrault, Claude"]
[Black "Morris, Devin"]
[Result "1-0"]
[WhiteElo "1465"]
[BlackElo "958"]
[PlyCount "131"]
[EventDate "2003.08.29"]
[EventType "swiss"]
[EventRounds "6"]
[EventCountry "CAN"]

1. d4 d5 2. c4 dxc4 3. Nc3 Nc6 4. Nf3 Bf5 5. e4 Bg6 6. Bxc4 e6 7. O-O Bh5 8.
Be2 Bxf3 9. Bxf3 Nxd4 10. Qa4+ c6 11. Bg4 h5 12. Bh3 b5 13. Qd1 Bc5 14. Be3 Nf6
15. Bxd4 Qxd4 16. Qxd4 Bxd4 17. Rac1 g5 18. g3 Rc8 19. Nxb5 Rd8 20. Nxd4 Rxd4
21. Rxc6 O-O 22. f3 g4 23. fxg4 hxg4 24. Bg2 Nxe4 25. Rcc1 e5 26. Rcd1 Rfd8 27.
Rc1 R8d7 28. Rfe1 f5 29. b3 a5 30. Bf1 Nd2 31. Be2 Nf3+ 32. Bxf3 gxf3 33. Rxe5
R7d5 34. Rxd5 Rxd5 35. Rc2 Kf7 36. h4 Kg6 37. Kf2 Rd3 38. Rc5 Rd2+ 39. Kxf3
Rxa2 40. Kf4 a4 41. Rc6+ Kh5 42. bxa4 Rxa4+ 43. Kxf5 Ra5+ 44. Kf4 Ra4+ 45. Kf3
Ra3+ 46. Kg2 Kg4 47. Rc4+ Kh5 48. Rf4 Ra2+ 49. Kh3 Ra3 50. Rf2 Rb3 51. Kg2 Rc3
52. Rf3 Rc4 53. Kh3 Rd4 54. g4+ Rxg4 55. Rf5+ Kg6 56. Kxg4 Kg7 57. Rg5+ Kh7 58.
Kh5 Kh8 59. Rg6 Kh7 60. Ra6 Kg7 61. Kg5 Kh7 62. h5 Kg7 63. h6+ Kh7 64. Ra7+ Kg8
65. Kg6 Kh8 66. Ra8# 1-0

[Event "Abe Yanofsky mem U1600"]
[Site "Winnipeg CAN"]
[Date "2003.08.29"]
[Round "1"]
[White "Tuason, Alfred"]
[Black "Bist, Jordan"]
[Result "1-0"]
[WhiteElo "1442"]
[BlackElo "1144"]
[PlyCount "103"]
[EventDate "2003.08.29"]
[EventType "swiss"]
[EventRounds "6"]
[EventCountry "CAN"]

1. e4 c5 2. Nf3 d6 3. h3 Nc6 4. Nc3 g6 5. d3 Bg7 6. Be2 Nf6 7. O-O O-O 8. a3
Nd4 9. Nxd4 cxd4 10. Nb1 d5 11. e5 Nd7 12. f4 e6 13. Nd2 Bh6 14. Nb3 f6 15.
Nxd4 Qb6 16. Be3 fxe5 17. Bg4 exd4 18. Bc1 e5 19. f5 Bxc1 20. Qxc1 gxf5 21.
Qg5+ Kh8 22. Qe7 Qd8 23. Qd6 Qf6 24. Qxd5 Nb6 25. Qc5 Be6 26. Bf3 Rac8 27. Qa5
Rxc2 28. Qxa7 Nd5 29. Qxb7 Ne3 30. Rfe1 Nxg2 31. Bxg2 Rg8 32. Rac1 Rd2 33. Qf3
Rgxg2+ 34. Kh1 Rh2+ 35. Kg1 Qg6+ 36. Kf1 Rdf2+ 37. Qxf2 Rxf2+ 38. Kxf2 Bd5 39.
Rc8+ Kg7 40. Rg1 Qxg1+ 41. Kxg1 e4 42. dxe4 fxe4 43. Rd8 Bc4 44. Rxd4 e3 45.
Rxc4 e2 46. Re4 Kg6 47. Rxe2 h6 48. b4 Kg5 49. b5 h5 50. b6 Kh4 51. Kh2 Kg5 52.
b7 1-0

[Event "Abe Yanofsky mem U1600"]
[Site "Winnipeg CAN"]
[Date "2003.08.29"]
[Round "1"]
[White "Ylarde, Edgardo"]
[Black "Enns, Edward"]
[Result "1-0"]
[WhiteElo "1263"]
[BlackElo "1427"]
[PlyCount "165"]
[EventDate "2003.08.29"]
[EventType "swiss"]
[EventRounds "6"]
[EventCountry "CAN"]

1. e4 e5 2. Nf3 Nc6 3. Bb5 a6 4. Bxc6 dxc6 5. Nxe5 Qd4 6. Nf3 Qxe4+ 7. Kf1 Bg4
8. Nc3 Bxf3 9. gxf3 Qc4+ 10. d3 O-O-O 11. Be3 Qb4 12. Qc1 Nf6 13. a3 Qh4 14. h3
h6 15. b4 b5 16. Rb1 Qh5 17. Ke2 Re8 18. Qf1 c5 19. Qg2 cxb4 20. axb4 Bd6 21.
Kd2 Nd5 22. Nxd5 Qxd5 23. Qg4+ f5 24. Qd4 Qxf3 25. Qa7 Qb7 26. Qxb7+ Kxb7 27.
Bd4 Rhg8 28. c3 Re6 29. Rbe1 Rxe1 30. Rxe1 g5 31. Re6 h5 32. Be5 Bxe5 33. Rxe5
f4 34. Rf5 h4 35. d4 Rg6 36. Ke2 Kb6 37. Kf3 a5 38. bxa5+ Kxa5 39. Kg4 Ka4 40.
Rc5 c6 41. f3 Kb3 42. d5 cxd5 43. Kf5 Rg8 44. Rxd5 Kc4 45. Re5 Kxc3 46. Rxb5
Rc8 47. Kg4 Kd3 48. Rxg5 Rf8 49. Kxh4 Ke3 50. Kg4 Kf2 51. h4 Kg2 52. h5 Rf6 53.
Rg6 Rf8 54. h6 Kf2 55. h7 Rh8 56. Rg7 Ke3 57. Rf7 Ra8 58. Rxf4 Rh8 59. Rf7 Kd4
60. Kg5 Ke5 61. Kg6 Ke6 62. Rg7 Rf8 63. Rg8 Rxf3 64. h8=Q Rg3+ 65. Kh5 Rh3+ 66.
Kg4 Rxh8 67. Rxh8 Ke5 68. Rf8 Ke4 69. Re8+ Kd4 70. Kf4 Kd5 71. Re5+ Kd4 72. Ra5
Kd3 73. Ra4 Kc3 74. Ke3 Kb3 75. Rd4 Kc3 76. Rd8 Kc4 77. Rd4+ Kc3 78. Rh4 Kc2
79. Kd4 Kd2 80. Rh3 Ke2 81. Ke4 Kd2 82. Re3 Kc2 83. Rd3 1-0

[Event "Abe Yanofsky mem U1600"]
[Site "Winnipeg CAN"]
[Date "2003.08.30"]
[Round "2"]
[White "Anderson, George"]
[Black "Baser, Arthur"]
[Result "1-0"]
[WhiteElo "1459"]
[BlackElo "1235"]
[PlyCount "59"]
[EventDate "2003.08.29"]
[EventType "swiss"]
[EventRounds "6"]
[EventCountry "CAN"]

1. e4 c5 2. d4 cxd4 3. Bd3 e5 4. f4 Nc6 5. Nf3 Nf6 6. O-O d6 7. Qe1 Be7 8. fxe5
dxe5 9. Qg3 O-O 10. Nxe5 Nxe5 11. Qxe5 Bd6 12. Qb5 Qc7 13. g3 Bh3 14. Rxf6 gxf6
15. Qh5 Bd7 16. e5 f5 17. exd6 Qxd6 18. Bf4 Qg6 19. Qh4 Qg4 20. Qxg4+ fxg4 21.
Be5 Rad8 22. Bxd4 Bc6 23. Bxa7 Rfe8 24. Nc3 b6 25. b3 Rc8 26. Bxb6 Bf3 27. Na4
Be2 28. Bxe2 Rxe2 29. c4 Rce8 30. c5 1-0

[Event "Abe Yanofsky mem U1600"]
[Site "Winnipeg CAN"]
[Date "2003.08.30"]
[Round "2"]
[White "Bist, Jordan"]
[Black "MacKinnon, Keith"]
[Result "1-0"]
[WhiteElo "1144"]
[BlackElo "1343"]
[PlyCount "97"]
[EventDate "2003.08.29"]
[EventType "swiss"]
[EventRounds "6"]
[EventCountry "CAN"]

1. d4 d5 2. c4 e6 3. Nf3 Nc6 4. e3 Nf6 5. Bd3 Be7 6. O-O O-O 7. Nc3 dxc4 8.
Bxc4 Nd5 9. Qc2 Nxc3 10. Qxc3 Re8 11. Rd1 b6 12. Bb5 Bb4 13. Qc4 Ne5 14. Nxe5
f6 15. Bxe8 fxe5 16. Bc6 Rb8 17. Qxb4 Qg5 18. d5 Qh5 19. Bd2 Ba6 20. dxe6 Bb7
21. Bxb7 Rxb7 22. f3 Qe8 23. Qe4 Rb8 24. Qxe5 Qe7 25. Bc3 Rc8 26. Qxg7+ Qxg7
27. Bxg7 Kxg7 28. Rd7+ Kf6 29. e7 Ke6 30. Rad1 Re8 31. e4 Rxe7 32. Rxe7+ Kxe7
33. Rc1 Kd6 34. Rd1+ Ke7 35. f4 Ke6 36. f5+ Ke7 37. e5 Ke8 38. e6 Ke7 39. Rf1
Kf6 40. e7 Kxe7 41. f6+ Kf7 42. g3 h5 43. Rf4 c5 44. Rh4 Kxf6 45. Rxh5 Kg6 46.
Rh4 a5 47. Rg4+ Kf5 48. Rg7 Kf6 49. Rb7 1-0

[Event "Abe Yanofsky mem U1600"]
[Site "Winnipeg CAN"]
[Date "2003.08.30"]
[Round "2"]
[White "Gibbons, Lorne"]
[Black "Remillard, John"]
[Result "0-1"]
[WhiteElo "1315"]
[BlackElo "1533"]
[PlyCount "87"]
[EventDate "2003.08.29"]
[EventType "swiss"]
[EventRounds "6"]
[EventCountry "CAN"]

1. d4 d5 2. c4 dxc4 3. Nc3 e6 4. e4 c5 5. d5 exd5 6. exd5 Nd7 7. Bxc4 Nb6 8.
Bb3 c4 9. Bc2 Bb4 10. Nge2 Qxd5 11. Qxd5 Nxd5 12. Bd2 Ngf6 13. Nxd5 Nxd5 14.
Ba4+ Bd7 15. Bxd7+ Kxd7 16. Bxb4 Nxb4 17. O-O-O+ Kc7 18. Kb1 Nd3 19. Rhf1 Rad8
20. Nc1 Nf4 21. g3 Rxd1 22. Rxd1 Ne6 23. a4 Rd8 24. Re1 Kb6 25. Re3 Ka5 26. b3
cxb3 27. Rxb3 Rd7 28. f4 Kxa4 29. Rb2 b5 30. Na2 Ka5 31. Nc3 a6 32. Kc2 Nd4+
33. Kd3 f5 34. Ra2+ Kb6 35. Ke3 Nc6 36. Rb2 b4 37. Na2 a5 38. Nc3 Ne7 39. Ne2
Nd5+ 40. Kf2 Nf6 41. Nc3 Ne4+ 42. Nxe4 fxe4 43. Ke3 Re7 44. Rd2 0-1

[Event "Abe Yanofsky mem U1600"]
[Site "Winnipeg CAN"]
[Date "2003.08.30"]
[Round "2"]
[White "Kostadinova, Kremena"]
[Black "Morris, Devin"]
[Result "1/2-1/2"]
[WhiteElo "1329"]
[BlackElo "958"]
[PlyCount "88"]
[EventDate "2003.08.29"]
[EventType "swiss"]
[EventRounds "6"]
[EventCountry "CAN"]

1. e4 d5 2. exd5 Qxd5 3. Nc3 Qa5 4. Nf3 Bg4 5. Be2 Nc6 6. Bb5 Qb6 7. d3 O-O-O
8. h3 Nd4 9. hxg4 Nxb5 10. Nxb5 Qxb5 11. Ng5 Nh6 12. Qf3 f6 13. Ne6 Qe5+ 14.
Qe4 Qxe4+ 15. dxe4 Rd6 16. Nxf8 Rxf8 17. Bxh6 gxh6 18. Rxh6 Rf7 19. Rd1 Rc6 20.
c3 a5 21. Rh5 b6 22. Rhd5 Rf8 23. Rd7 Re8 24. R7d5 Rf8 25. g5 e6 26. Rd7 fxg5
27. Rxh7 g4 28. Rg7 Rf4 29. Rg8+ Kb7 30. e5 Rc5 31. Kf1 Rxe5 32. g3 Rfe4 33.
Rd7 Rd5 34. Rxd5 exd5 35. Rg5 d4 36. cxd4 Rxd4 37. Ke2 Re4+ 38. Kd3 Rb4 39. b3
a4 40. Kc3 Re4 41. Kd3 Rb4 42. Kc3 Re4 43. Rd5 axb3 44. axb3 c5 1/2-1/2

[Event "Abe Yanofsky mem U1600"]
[Site "Winnipeg CAN"]
[Date "2003.08.30"]
[Round "2"]
[White "Pierre, Rolland"]
[Black "Liebzeit, Mick"]
[Result "1-0"]
[WhiteElo "1535"]
[BlackElo "1199"]
[PlyCount "63"]
[EventDate "2003.08.29"]
[EventType "swiss"]
[EventRounds "6"]
[EventCountry "CAN"]

1. e4 c5 2. Nf3 d6 3. d4 cxd4 4. Nxd4 Nf6 5. Nc3 g6 6. Bg5 Bg7 7. Qd2 Qb6 8.
Nb3 h6 9. Be3 Qc7 10. h3 Nxe4 11. Nxe4 Bxb2 12. Rb1 Bg7 13. Bd4 O-O 14. Bxg7
Kxg7 15. Bd3 Nc6 16. O-O Ne5 17. Nd4 Bd7 18. Nb5 Qc8 19. Qe3 b6 20. Rb4 Bxb5
21. Rxb5 f5 22. Nd2 f4 23. Qe4 Rf6 24. Nf3 Qe8 25. Nxe5 dxe5 26. Rxe5 e6 27.
Re1 Kf7 28. Bc4 Kg7 29. Bxe6 Rd8 30. Bb3 Qf8 31. Qc4 Kh8 32. Re7 1-0

[Event "Abe Yanofsky mem U1600"]
[Site "Winnipeg CAN"]
[Date "2003.08.30"]
[Round "2"]
[White "Pottinger, Carl"]
[Black "Tuason, Alfred"]
[Result "1-0"]
[WhiteElo "1588"]
[BlackElo "1442"]
[PlyCount "57"]
[EventDate "2003.08.29"]
[EventType "swiss"]
[EventRounds "6"]
[EventCountry "CAN"]

1. d4 d5 2. c4 e6 3. Nc3 h6 4. Nf3 Bb4 5. Qc2 Nf6 6. Bd2 Nc6 7. e3 Bd7 8. a3
Be7 9. c5 a6 10. Bd3 Rb8 11. O-O O-O 12. b4 Na7 13. a4 c6 14. Rfb1 Qe8 15. Ne5
Qd8 16. Nxd7 Qxd7 17. b5 Ng4 18. h3 Nf6 19. bxa6 bxa6 20. Bxa6 Ne4 21. Nxe4
dxe4 22. Qxe4 Bxc5 23. dxc5 Qxd2 24. Rb6 Qd5 25. Qxd5 exd5 26. Rab1 Rbd8 27.
Rb7 Nc8 28. Rc7 Rfe8 29. Rb8 1-0

[Event "Abe Yanofsky mem U1600"]
[Site "Winnipeg CAN"]
[Date "2003.08.30"]
[Round "2"]
[White "Taylor, Evan"]
[Black "Tetrault, Charles"]
[Result "0-1"]
[WhiteElo "1353"]
[BlackElo "1566"]
[PlyCount "36"]
[EventDate "2003.08.29"]
[EventType "swiss"]
[EventRounds "6"]
[EventCountry "CAN"]

1. d4 Nf6 2. c4 c5 3. d5 d6 4. Nc3 g6 5. e4 Bg7 6. Nf3 Bg4 7. Be2 Nbd7 8. O-O
e6 9. Bf4 exd5 10. exd5 Nb6 11. Re1 O-O 12. Qb3 Nh5 13. Bd2 Qd7 14. Nd1 Rfe8
15. Ne3 Nf4 16. Bd1 Re7 17. Nxg4 Qxg4 18. Rxe7 Qxg2# 0-1

[Event "Abe Yanofsky mem U1600"]
[Site "Winnipeg CAN"]
[Date "2003.08.30"]
[Round "2"]
[White "Taylor, Jasper"]
[Black "Opinga, Ron"]
[Result "1/2-1/2"]
[WhiteElo "1475"]
[BlackElo "1487"]
[PlyCount "85"]
[EventDate "2003.08.29"]
[EventType "swiss"]
[EventRounds "6"]
[EventCountry "CAN"]

1. d4 d5 2. c4 c6 3. cxd5 cxd5 4. Nc3 Nf6 5. Bg5 e6 6. e3 Be7 7. Bd3 Nbd7 8.
Nf3 O-O 9. O-O h6 10. Bh4 a6 11. Rc1 b5 12. b3 Bb7 13. Rc2 Rc8 14. Qb1 Ne4 15.
Bxe4 Bxh4 16. Bd3 Be7 17. Rfc1 Nf6 18. Ne2 Rxc2 19. Qxc2 Bd6 20. h3 Qb8 21. Qb2
Ne4 22. Bxe4 dxe4 23. Nd2 e5 24. dxe5 Bxe5 25. Qb1 f5 26. Rc5 Qd6 27. Qc2 Qd3
28. Nf1 Rd8 29. Neg3 Qxc2 30. Rxc2 f4 31. exf4 Bxf4 32. Re2 Bxg3 33. Nxg3 Rd1+
34. Kh2 a5 35. Nxe4 Bxe4 36. Rxe4 Rd2 37. Re5 Rxf2 38. a4 b4 39. Rxa5 Rb2 40.
Rb5 Rxb3 41. a5 Ra3 42. Rxb4 Rxa5 43. Rf4 1/2-1/2

[Event "Abe Yanofsky mem U1600"]
[Site "Winnipeg CAN"]
[Date "2003.08.30"]
[Round "3"]
[White "Clark, Robert"]
[Black "Taylor, Jasper"]
[Result "0-1"]
[WhiteElo "1093"]
[BlackElo "1475"]
[PlyCount "100"]
[EventDate "2003.08.29"]
[EventType "swiss"]
[EventRounds "6"]
[EventCountry "CAN"]

1. d4 c6 2. Nf3 d5 3. c4 Bf5 4. cxd5 cxd5 5. Qb3 Qc7 6. Nc3 e6 7. e3 Nf6 8.
Qa4+ Nbd7 9. Nb5 Qb6 10. Be2 Be7 11. Bd2 a6 12. O-O O-O 13. Nc3 Rfc8 14. Qb3
Qxb3 15. axb3 Bc2 16. Bd1 Bxd1 17. Rfxd1 Rc6 18. Rac1 Rac8 19. Be1 Rb6 20. Nd2
Rbc6 21. f3 Bb4 22. Ndb1 h6 23. Rd3 b5 24. Rc2 Bxc3 25. bxc3 b4 26. Kf1 bxc3
27. Rcxc3 Rxc3 28. Nxc3 Rb8 29. Ne2 Rc8 30. Rc3 Rb8 31. Rd3 Rc8 32. b4 Nb6 33.
Rc3 Rxc3 34. Nxc3 Kf8 35. e4 dxe4 36. fxe4 Ke7 37. Bh4 g5 38. Bf2 Nc4 39. h4
Nd2+ 40. Ke2 Ndxe4 41. Nxe4 Nxe4 42. hxg5 hxg5 43. Ke3 Nxf2 44. Kxf2 f5 45. Ke3
Kd6 46. Kd3 Kd5 47. Kc3 f4 48. Kb3 Kxd4 49. Ka4 e5 50. Ka5 e4 0-1

[Event "Abe Yanofsky mem U1600"]
[Site "Winnipeg CAN"]
[Date "2003.08.30"]
[Round "3"]
[White "Liebzeit, Mick"]
[Black "Kostadinova, Kremena"]
[Result "0-1"]
[WhiteElo "1199"]
[BlackElo "1329"]
[PlyCount "108"]
[EventDate "2003.08.29"]
[EventType "swiss"]
[EventRounds "6"]
[EventCountry "CAN"]

1. e4 c5 2. Nf3 d6 3. d4 cxd4 4. Nxd4 g6 5. Nc3 Bg7 6. Be3 Nc6 7. Bb5 Bd7 8.
Qd2 Nf6 9. f3 O-O 10. O-O-O Rc8 11. Bh6 a6 12. Bxc6 bxc6 13. Bxg7 Kxg7 14. g4
Qb6 15. h4 h5 16. gxh5 Nxh5 17. Rhg1 Kh7 18. Qg5 e6 19. Qe7 Qc7 20. Nde2 e5 21.
Rxd6 Bh3 22. Qxc7 Rxc7 23. Ng3 Nf4 24. Na4 Bg2 25. Nc5 a5 26. Nd7 Rh8 27. Nxe5
Kg7 28. Rxc6 Rxc6 29. Nxc6 Rxh4 30. Nxa5 Bxf3 31. Nf5+ Kf6 32. Nxh4 Ne2+ 33.
Kd2 Nxg1 34. Nxf3 Nxf3+ 35. Ke3 Ne5 36. b4 g5 37. b5 Nd7 38. a4 Nb6 39. Nc4
Nxc4+ 40. Kf3 Ke5 41. Kg4 Kxe4 42. b6 Nxb6 43. a5 Nc8 44. c4 f5+ 45. Kg3 f4+
46. Kg2 g4 47. a6 Ke3 48. Kf1 f3 49. Ke1 g3 50. Kf1 g2+ 51. Kg1 Ke2 52. Kh2 f2
53. Kxg2 f1=Q+ 54. Kg3 Qf5 0-1

[Event "Abe Yanofsky mem U1600"]
[Site "Winnipeg CAN"]
[Date "2003.08.30"]
[Round "3"]
[White "Morris, Devin"]
[Black "Enns, Edward"]
[Result "1/2-1/2"]
[WhiteElo "958"]
[BlackElo "1427"]
[PlyCount "77"]
[EventDate "2003.08.29"]
[EventType "swiss"]
[EventRounds "6"]
[EventCountry "CAN"]

1. d4 g6 2. Bf4 e6 3. Nf3 Bg7 4. Nc3 d5 5. e4 Ne7 6. Qd3 O-O 7. O-O-O Nbc6 8.
a3 a6 9. h4 b5 10. b4 a5 11. Qxb5 axb4 12. axb4 Ra1+ 13. Kd2 Rxd1+ 14. Kxd1
Bxd4 15. Nxd4 Nxd4 16. Qc5 dxe4 17. Qxc7 Nd5 18. Qxd8 Nxc3+ 19. Kd2 Rxd8 20.
Kxc3 Nf5 21. g4 Ng7 22. Bh6 Rd1 23. b5 e5 24. Bg2 Rxh1 25. Bxh1 f5 26. Bxg7
Kxg7 27. b6 Bb7 28. Kd2 Kf7 29. Ke2 Ke6 30. gxf5+ gxf5 31. f3 exf3+ 32. Bxf3
Bxf3+ 33. Kxf3 Kd6 34. c4 Kc6 35. c5 h5 36. Ke3 Kb7 37. Kf3 Kc6 38. Ke3 Kb7 39.
Kf3 1/2-1/2

[Event "Abe Yanofsky mem U1600"]
[Site "Winnipeg CAN"]
[Date "2003.08.30"]
[Round "3"]
[White "Opinga, Ron"]
[Black "Pierre, Rolland"]
[Result "1/2-1/2"]
[WhiteElo "1487"]
[BlackElo "1535"]
[PlyCount "122"]
[EventDate "2003.08.29"]
[EventType "swiss"]
[EventRounds "6"]
[EventCountry "CAN"]

1. e4 c5 2. Nf3 Nc6 3. d4 cxd4 4. Nxd4 g6 5. Nc3 Bg7 6. Be3 Nf6 7. f4 d6 8.
Nxc6 bxc6 9. Qd2 e6 10. Be2 O-O 11. O-O-O Ne8 12. e5 d5 13. Bc5 Bb7 14. Bxf8
Bxf8 15. h4 Be7 16. g4 d4 17. Ne4 c5 18. Bf3 Qb6 19. h5 Rb8 20. c3 Bd5 21. hxg6
fxg6 22. Qh2 Ng7 23. Qxh7+ Kf7 24. Rh2 dxc3 25. Nxc3 Bxf3 26. Rf1 Bxg4 27. Rff2
c4 28. Rd2 Qe3 29. Nd1 Qc5 30. Rd7 Bxd1 31. Qh4 Rd8 32. Qf6+ Ke8 33. Rxe7+ Qxe7
34. Rh8+ Kd7 35. Rh7 Rg8 36. Kxd1 Kd8 37. Kc2 Ke8 38. Kc3 Qxf6 39. exf6 Kf7 40.
Rxg7+ Rxg7 41. fxg7 Kxg7 42. Kxc4 Kf6 43. Kd4 Kf5 44. Ke3 e5 45. fxe5 Kxe5 46.
b4 Kd5 47. Kd3 g5 48. b5 Kc5 49. Ke4 Kxb5 50. Kf5 Ka4 51. Kxg5 a5 52. Kf4 Kb4
53. Ke3 Kc3 54. a3 Kb3 55. Kd2 Kxa3 56. Kc2 Ka2 57. Kc1 Ka1 58. Kc2 Ka2 59. Kc1
Kb3 60. Kb1 Kb4 61. Ka2 a4 1/2-1/2

[Event "Abe Yanofsky mem U1600"]
[Site "Winnipeg CAN"]
[Date "2003.08.30"]
[Round "3"]
[White "Remillard, John"]
[Black "Pottinger, Carl"]
[Result "1/2-1/2"]
[WhiteElo "1533"]
[BlackElo "1588"]
[PlyCount "63"]
[EventDate "2003.08.29"]
[EventType "swiss"]
[EventRounds "6"]
[EventCountry "CAN"]

1. c4 c5 2. Nc3 g6 3. g3 Nc6 4. Bg2 Bg7 5. Nf3 Nf6 6. O-O O-O 7. a3 d5 8. cxd5
Nxd5 9. Ne1 Nxc3 10. bxc3 Bxc3 11. Rb1 Bg7 12. Bxc6 bxc6 13. Bb2 Bxb2 14. Rxb2
Bh3 15. Ng2 Qd5 16. Ne3 Qd4 17. Qb1 Bxf1 18. Nxf1 Qe5 19. Ne3 Rab8 20. Rxb8
Rxb8 21. Qc1 Qe4 22. d3 Qe5 23. Kg2 Qb2 24. Qxc5 Qxe2 25. Qxa7 Rd8 26. Qxe7
Qxd3 27. h4 h5 28. a4 Qd6 29. Qg5 c5 30. g4 Qc6+ 31. Kh2 Qd6+ 32. Kg2 1/2-1/2

[Event "Abe Yanofsky mem U1600"]
[Site "Winnipeg CAN"]
[Date "2003.08.30"]
[Round "3"]
[White "Still, Graham"]
[Black "Taylor, Evan"]
[Result "1-0"]
[WhiteElo "1115"]
[BlackElo "1353"]
[PlyCount "35"]
[EventDate "2003.08.29"]
[EventType "swiss"]
[EventRounds "6"]
[EventCountry "CAN"]

1. d4 c6 2. c4 d5 3. Nc3 Nf6 4. Bg5 Nbd7 5. Nf3 e6 6. Qc2 Be7 7. e3 O-O 8. Bd3
dxc4 9. Bxc4 b5 10. Bd3 a6 11. Bxf6 Nxf6 12. Ne4 h6 13. Nxf6+ Bxf6 14. Qxc6 Rb8
15. Qe4 g6 16. Qf4 Qa5+ 17. Nd2 Bb7 18. Qxf6 1-0

[Event "Abe Yanofsky mem U1600"]
[Site "Winnipeg CAN"]
[Date "2003.08.30"]
[Round "3"]
[White "Tetrault, Charles"]
[Black "Anderson, George"]
[Result "1-0"]
[WhiteElo "1566"]
[BlackElo "1459"]
[PlyCount "117"]
[EventDate "2003.08.29"]
[EventType "swiss"]
[EventRounds "6"]
[EventCountry "CAN"]

1. d4 b5 2. e4 Bb7 3. d5 b4 4. Be3 Nf6 5. Nd2 e5 6. Ngf3 Bd6 7. Bd3 Ng4 8. Bg5
f6 9. Bh4 g5 10. Bg3 h5 11. Nc4 h4 12. Nxh4 gxh4 13. Qxg4 hxg3 14. Qg6+ Kf8 15.
fxg3 Qe7 16. O-O Rh7 17. Rxf6+ Rf7 18. Rxf7+ Qxf7 19. Rf1 Bc5+ 20. Kh1 Bf2 21.
Qxf7+ Kxf7 22. Rxf2+ Ke7 23. Nxe5 d6 24. Nc4 Nd7 25. Na5 Bc8 26. Nc6+ Ke8 27.
Be2 Ne5 28. Bh5+ Kd7 29. Nxe5+ dxe5 30. Rf8 Bb7 31. Rxa8 Bxa8 32. Be2 Kd6 33.
Kg1 c6 34. dxc6 Bxc6 35. Bd3 Ke6 36. Kf2 Kf6 37. h4 Be8 38. Kf3 a5 39. c4 bxc3
40. bxc3 a4 41. Bc4 a3 42. Bd5 Ke7 43. Kg4 Kf6 44. c4 Bd7+ 45. Kf3 Kg6 46. Bb7
Be6 47. Bd5 Bc8 48. c5 Kf6 49. h5 Kg5 50. Bf7 Bg4+ 51. Ke3 Bd7 52. Bg6 Be6 53.
Bf5 Bxa2 54. c6 Bc4 55. c7 Ba6 56. Be6 Kxh5 57. Kd2 Kg6 58. Kc3 Kf6 59. c8=Q
1-0